Mit welchem Buchstaben beginnen mehr Länder? - Statistiken

Allgemein
  • Dieses Quiz wurde 142 mal gespielt
  • Das Durchschnittsergebnis liegt bei 6 aus 8
Antwortstatistiken
Frage Antwort % Korrekt
XZ Z
98%
PV P
81%
EO E
77%
CU U
74%
FH F
72%
GT T
58%
DR D
53%
AM M
47%
Keine übereinstimmenden Quizze gefunden
Verteilung der Resultate
Anzahl Personen mit jedem Resultat
Perzentil nach korrekt beantworteten Fragen
Ihre Resultats-Entwicklung
Sie haben dieses Quiz noch nicht gespielt